Statistics for Countries by Equator Territory

Click here to take the quiz!

General Stats

  • This quiz has been taken 29 times
  • The average score is 8 of 13

Answer Stats

MilesCountry% Correct
1,403Brazil
100%
897Indonesia
83%
825D. R. Congo
79%
484Kenya
63%
314Ecuador
58%
320Gabon
58%
258R. Congo
58%
291Uganda
58%
382Colombia
54%
130Somalia
54%
0.2Kiribati
46%
0.18Maldives
46%
12Sao Tome and Principe
46%

Score Distribution

Percentile by Number Answered

Percent of People with Each Score

Your Score History

You have not taken this quiz